| 000 | 00725pam a2200229 a 4500 | ||
|---|---|---|---|
| 001 | 3383566 | ||
| 005 | 20180206093719.0 | ||
| 008 | 880729s1989 enk b 001 0 eng | ||
| 010 | _a 88025196 | ||
| 020 | _a0415024242 | ||
| 040 |
_aDLC _cDLC _dDLC |
||
| 041 | _aeng | ||
| 080 | _a650.1 KIR | ||
| 082 | 0 | 0 |
_a650.1 KIR _219 |
| 100 | _a50 | ||
| 101 | _aSOC | ||
| 245 | 0 | 0 |
_aAdaptors and innovators : _cedited by Michael J. Kirton. |
| 504 | _aIncludes bibliographical references (p. 199-222) | ||
| 906 |
_a7 _bcbc _corignew _d1 _eocip _f19 _gy-gencatlg |
||
| 942 |
_2ddc _cBK |
||
| 999 |
_c41958 _d41958 |
||